Tapping panel dryness conundrum: Two methodological issues in estimating the economic loss (Record no. 70244)

MARC details
000 -LEADER
fixed length control field 00649nam a2200181Ia 4500
100 ## - MAIN ENTRY--AUTHOR NAME
Personal name George K T
245 #0 - TITLE STATEMENT
Title Tapping panel dryness conundrum: Two methodological issues in estimating the economic loss
260 ## - PUBLICATION, DISTRIBUTION, ETC. (IMPRINT)
Name of publisher In: Tapping Panel Dryness of Rubber Trees (Eds.James Jacob; R Krishnakumar and N.M. Mathew) Rubber Research Institute of India, Kottayam, 2006, pp.195-198.
650 ## - SUBJECT ADDED ENTRY--TOPICAL TERM
Topical Term Economic loss
650 ## - SUBJECT ADDED ENTRY--TOPICAL TERM
Topical Term Life cycle yield profile
650 ## - SUBJECT ADDED ENTRY--TOPICAL TERM
Topical Term Methodological issues
650 ## - SUBJECT ADDED ENTRY--TOPICAL TERM
Topical Term TPD
650 ## - SUBJECT ADDED ENTRY--TOPICAL TERM
Topical Term Yielding phases
700 ## - ADDED ENTRY--PERSONAL NAME
Personal name Chandy B
700 ## - ADDED ENTRY--PERSONAL NAME
Personal name Sreelakshmi K
942 ## - ADDED ENTRY ELEMENTS (KOHA)
Koha item type Journals
Holdings
Withdrawn status Lost status Damaged status Not for loan Home library Current library Shelving location Date acquired Koha item type
      Journals RRII Library RRII Library Plant physiology 19/06/2007 Journals